000 00677nam a2200229 i 4500
001 C2-0311266
003 PPAK
005 20180728102925.0
008 110714s2009 xxu |||| ||||| | eng d
020 _a9780472033386
040 _aPPAK
_beng
_cPPAK
_erda
082 0 4 _a428.6
_223
090 0 0 _a428.6
_bGOU
_dRLCK
100 1 _aGoussakova, Folse,
_eauthor
245 1 0 _aWorkbook for keys to :
_bTeachimg Grammar to English Language Learners.
264 1 _aUnited States :
_bUniversity of Michigan Press. ,
_c2009
300 _aiv, 195 pages ;
_c28 cm
336 _2rdacontent
_atext
337 _2rdamedia
_aunmediated
338 _2rdacarrier
_avolume
942 _ddc
_cB
999 _c113526
_d113526